Statistics for New York Cities Map Quiz

Click here to take the quiz!

General Stats

  • This quiz has been taken 20,570 times
  • The average score is 5 of 12

Answer Stats

Answer % Correct
New York City
92%
Buffalo
68%
Albany
55%
Montauk
49%
Poughkeepsie
41%
Syracuse
40%
Rochester
39%
Ithaca
34%
Lake Placid
33%
Binghamton
29%
Plattsburgh
27%
Jamestown
27%

Score Distribution

Percentile by Number Answered

Percent of People with Each Score

Your Score History

You have not taken this quiz